000 007300000a22002170004500
090 _aAR
_b01134
245 1 0 _aPrimate censusing in northern Colombia: a comparison of two techniques
650 1 4 _aCensos de primates
_994374
650 1 4 _aDensidad poblacional
_97576
650 1 4 _aTécnicas de censos
_994358
651 4 _lRío Magdalena, Río Cauca
_pColombia
_992749
653 _gAlouatta
_eAlouatta seniculus
653 _gAotus
_eAotus trivirgatus
653 _gAteles
_eAteles belzebuth
653 _gCebus
_eCebus albifrons
653 _gSauguinus
_eSauguinus leucopus
041 0 _aInglés
100 1 _aGreen, K. M.
_994375
942 _cARTICULO
773 1 _tPrimates a Journal of Primatology
_3423
_h3
_q537-550
_d1978
_g19
999 _c10220
_d10220